000 00405 a2200169 4500
001 175507
020 _a85-7319-367-0
040 _cMagnum
100 _aD´assunção Filho, Moacir Assis
240 1 0 _aCiências naturais no dia-a-dia 8
_lpor
245 1 0 _aCiências naturais no dia-a-dia 8
300 _a184
362 0 _a2000
440 1 _aDimensão
697 _aCIÊNCIAS NATURAIS
942 _cBK
999 _c175507
_d175507